000 01104nam a2200265Ia 4500
003 OSt
005 20220918110900.0
006 a|||||r|||| 00| 0
007 ta
008 220915b |||||||| |||| 00| 0 hin d
020 _a9789350002001 (hbk (Set))
_c9000
024 _a15,582
037 _b272, 03/03/2014, Vani Prakashan
_cReference Collections
040 _aARTS
_cARTS
_bhin
041 _2hin
_ahin
082 _aO152,1M65x, Q0.1-.10
100 _aशाही, सदानन्द, संपा.
245 0 _aअयोध्यासिंह उपाध्याय ‘हरिऔध’ रचनावली
246 _aAyodhyāsianha upādhyāya ‘hariaudha’ rachanāvalī
260 _aनई दिल्ली
_bवाणी प्रकाशन भारत
_c2010
490 _vखण्ड 1
650 _aहिन्दी साहित्य
942 _hO152,1M65x, Q0.1-.10
_cREF
999 _c115491
_d115491